000
00235 a2200097 4500
001
31463
100
_a
Courter, Ginb
245
_a
Office 2000: No Experience Required v 42
260
_a
New Delhi
_b
BPB
_c
1999
090
_c
21347
_d
21347
942
_a
NUST-CAE
_c
M
_c
12611
999
_c
266536
_d
266536